000 00299nam a2200121Ia 4500
008 190216s9999||||xx |||||||||||||| ||und||
100 _aAgarwal J P And Sathyaprakash
245 0 _aElements Of Mechanics
260 _bPragathi Prakashan
_c1986
300 _a576p
650 _aPhysics
942 _cBK
999 _c33084
_d33084